000
00270nam a2200109Ia 4500
008
240625s9999 xx 000 0 und d
041
_a
eng
082
_a
025.3 MUK
100
_a
MUKHOPADHYAY ASOKNATH
245
_a
GUIDE TO MARC 21 FOR CATALOGING OF BOOKS
260
_c
2007
999
_c
34258
_d
34258